000 01701nam a2200505 i 4500
001 53533
003 KOSZ 005
005 20240405063202.0
008 070601s2007 pl f f |001 0 pol
015 _aPB 2007/11548
020 _a9788301150532
035 _a(OCoLC)749529693
040 _aWA N
_cWA N
_dKOSZ 005/HR
046 _k2007
080 _a340.12
080 _a34(438)
080 _a32-027.21"17/19"
080 _a(07)
245 0 0 _aKompendium wiedzy o społeczeństwie, państwie i prawie :
_bpraca zbiorowa /
_cpod red. Sławomiry Wronkowskiej i Marii Zmierczak ; aut. Piotr Gabriel [et al.].
250 _aWyd. 10, uaktual.
260 _aWarszawa :
_bWydawnictwo Naukowe PWN,
_c2007.
300 _a392, [2] s. ;
_c21 cm.
336 _2rdacontent
_aTekst
_btxt
337 _2rdamedia
_aBez urządzenia pośredniczącego
_bn
338 _2rdacarrier
_aWolumin
_bnc
380 _aKsiążki
388 _a2001-
504 _aBibliogr. s. 392-[393]. Indeks.
648 4 _a2001-
648 4 _a1701-1800
648 4 _a1801-1900
648 4 _a1901-2000
650 4 _aPaństwo
650 4 _aTeoria polityki
650 4 _aPrawo
650 4 _aTeoria prawa
655 4 _aPodręcznik
658 _aPolityka, politologia, administracja publiczna
700 1 _aWronkowska, Sławomira
_d(1943- )
_eRedakcja
700 1 _aGabriel, Piotr
_eAutor
700 1 _aZmierczak, Maria
_d(1947- )
_eRedakcja
710 2 _aWydawnictwo Naukowe PWN
_4pbl.
856 _uhttp://koha.tu.koszalin.pl/cgi-bin/koha/opac-detail.pl?biblionumber=53533
_yKatalog online BPK
942 _2UKD
_cKS
999 _c53533
_d53533